IBA Official Cocktails Quiz Stats

 Plays Quiz Updated Feb 25, 2020

     
Support Sporcle.
Go Orange.
Score 0/65 Timer 06:00
0 Plays Today
Category Cocktail % Correct
Pre-Dinner CocktailsMartini (Dry)
83.9%
Pre-Dinner CocktailsMartini (Sweet)
83.4%
Pre-Dinner CocktailsMartini (Perfect)
83.4%
Pre-Dinner CocktailsMartini (Vodka)
83.4%
Pre-Dinner CocktailsMargarita
63%
Pre-Dinner CocktailsManhattan
62.6%
Pre-Dinner CocktailsManhattan Dry
62.6%
Pre-Dinner CocktailsManhattan Medium
62.6%
Popular CocktailsLong Island Iced Tea
60.1%
Popular CocktailsCosmopolitan
54.5%
Long Drink StyleScrewdriver
51.7%
After DinnerWhite Russian
50.4%
Popular CocktailsCuba Libre
48.4%
Long Drink StyleBloody Mary
48.2%
Popular CocktailsSex on the Beach
46.4%
Popular CocktailsMojito
45.9%
Pre-Dinner CocktailsOld Fashioned
43.2%
After DinnerBlack Russian
40.3%
Pre-Dinner CocktailsWhiskey Sour
40%
Long Drink StylePina Colada
39.3%
Long Drink StyleTequila Sunrise
38.2%
Long Drink StyleTom Collins
37%
Pre-Dinner CocktailsDaiquiri
31.6%
Popular CocktailsMai-Tai
26.7%
Long Drink StyleMimosa
26.3%
Long Drink StyleIrish Coffee
25.7%
Long Drink StyleHarvey Wallbanger
23.6%
After DinnerGrasshopper
19.6%
Popular CocktailsSea-Breeze
19.1%
Long Drink StyleGin Fizz
16.6%
Popular CocktailsB52
16.5%
Long Drink StyleSingapore Sling
16.4%
Popular CocktailsApple Martini
16.2%
Category Cocktail % Correct
Pre-Dinner CocktailsNegroni
15.4%
Long Drink StyleBellini
15.1%
After DinnerRusty Nail
14.6%
After DinnerBrandy Alexander
14.1%
Pre-Dinner CocktailsRob Roy
13.8%
Popular CocktailsKamikaze
13.5%
Pre-Dinner CocktailsKir
10.4%
Popular CocktailsSalty Dog
8.5%
Popular CocktailsCaipirinha
8.3%
Pre-Dinner CocktailsAmericano
8.2%
After DinnerGod Father
7.8%
Long Drink StyleChampagne Cocktail
7.3%
Pre-Dinner CocktailsGibson
7.2%
Pre-Dinner CocktailsKir Royal
6.9%
After DinnerGod Mother
6.5%
Popular CocktailsOrgasm
5.8%
Long Drink StylePlanter's Punch
4.9%
Long Drink StyleBuck's Fizz
4.5%
Pre-Dinner CocktailsBanana Daiquiri
4.5%
After DinnerFrench Connection
4.4%
Pre-Dinner CocktailsRose
4.3%
Pre-Dinner CocktailsFrozen Daiquiri
3.9%
Pre-Dinner CocktailsBronx
3.8%
Long Drink StyleHorse's Neck
3.7%
Pre-Dinner CocktailsParadise
3.7%
After DinnerGolden Dream
3.7%
Pre-Dinner CocktailsBacardi Cocktail
3.4%
After DinnerGolden Cadillac
3.2%
After DinnerPorto Flip
2.8%
Popular CocktailsJapanese Slipper
2.8%
Long Drink StyleBull Shot
2.8%
Long Drink StyleBrandy Egg Nog
2.2%

From the Vault

TV Show Genre Sorting Blitz

by Tootsnsuch

These TV genres contain so much drama.
Remove Ads.
Support Sporcle.
Get the best of Sporcle when you Go Orange. This ad-free experience offers more features, more stats, and more fun while also helping to support Sporcle. Thank you for becoming a member.

Show Comments

Extras

Top Quizzes Today


Score Distribution

Your Account Isn't Verified!

In order to create a playlist on Sporcle, you need to verify the email address you used during registration. Go to your Sporcle Settings to finish the process.

Report this User

Report this user for behavior that violates our Community Guidelines.

Details: